| 000 | 01007nam a22002657a 4500 | ||
|---|---|---|---|
| 005 | 20191217042141.0 | ||
| 008 | 140401s2011 ck ao gr|||| ||||0 spa d | ||
| 020 | _a9789587611144 | ||
| 040 |
_aCO-BoIAVH _cCO-BoIAVH |
||
| 041 | 0 | _aspa | |
| 044 | _ack | ||
| 082 | 0 | 4 |
_a584.4 _bG51g |
| 100 | 1 | _aGiraldo, Giovanny | |
| 245 | 1 | 0 |
_aGuía de campo de las orquídeas de Santa María _cGiovanny Giraldo, Julio Betancur. _b(Boyacá, Colombia) |
| 260 | 3 |
_aBogotá _bUniversidad Nacional de Colombia _c2011 |
|
| 300 |
_a188 p. _bil., fot. _c22 cm |
||
| 490 | 0 |
_aSerie Guías de Campo del Instituto de Ciencias Naturales, Universidad Nacional de Colombia _v9 |
|
| 504 | _aIncluye bibliografía (páginas 172 y 173) | ||
| 650 | 4 |
_aOrquídeas _xClasificación _zColombia |
|
| 650 | 4 |
_aAngiospermas _xClasificación _zColombia |
|
| 650 | 4 | _aPlantas neotropicales | |
| 651 | 4 |
_aSanta María (Boyacá) _vGuías _zColombia |
|
| 700 | 1 | _aBetancur, Julio | |
| 942 |
_2ddc _cImpreso _04 |
||
| 999 |
_c8330 _d8330 |
||